01407cam a2200397 a 45000010008000000030004000080050017000120060019000290070015000480080041000630200018001040200018001220350026001400380012001660400029001780500023002070500014002300820015002441000021002592100039002802450093003192600031004124900043004435000024004865040051005105060043005615630014006046500053006186500043006716500025007146550029007397100017007687730055007858300032008408560137008729390211OSt20210920162855.0m d cr n 101130s2011 gw ad sb 001 0 eng d z9787040315349 z9783642181009 a(WaSeSS)ssj0000609763 akhadija aCaPaEBRcCaPaEBRdWaSeSS 4aQA402b.P48 2011eb 4aQC20.7.N6 a519.2bPET1 aPetráš, Ivo.10aFractional-order nonlinear systems10aFractional-order nonlinear systemsbmodeling, analysis and simulation /cIvo Petráš. aBerlin :bSpringer,c2011.1 aNonlinear physical science,x1867-8440 a"With 119 figures." aIncludes bibliographical references and index. aLicense restrictions may limit access. ahardcover 0aChaotic behavior in systemsxSimulation methods. 0aNonlinear systemsxSimulation methods. 0aFractional calculus. 7aElectronic books.2local2 aebrary, Inc. 0tSpringerLink ebooks - Physics and Astronomy (2011) 0aNonlinear physical science.40uhttp://www.columbia.edu/cgi-bin/cul/resolve?clio9390211zFull text available from SpringerLink ebooks - Physics and Astronomy (2011)